Statystyki dla Wirus czy bakteria?

Kliknij tutaj aby rozwiązać quiz!

Ogólne statystyki

  • Ten quiz został rozwiązany 6 177 razy
  • Średni wynik to 12 z 18

Statystyki odpowiedzi

ZagadnienieOdpowiedź% Poprawnych
Covid-19Wirus
98%
GrypaWirus
87%
TężecBakteria
80%
HSVWirus
71%
OspaWirus
70%
ChlamydiaBakteria
67%
TrądBakteria
65%
OdraWirus
64%
Choroba legionistówBakteria
62%
BoreliozaBakteria
62%
EbolaWirus
62%
WąglikBakteria
61%
PrzeziębienieWirus
60%
CholeraBakteria
57%
KiłaBakteria
56%
WściekliznaWirus
50%
DżumaBakteria
47%
GruźlicaBakteria
43%

Rozkład punktacji

Percentyl według liczby udzielonych odpowiedzi

Procent ludzi z każdym wynikiem

Twoja historia wyników

Nie rozwiązałeś tego quizu